000 00767nam a2200253 a 4500
008
020 _a9781907161322 (pbk.)
049 _aMAIN
090 _aHC79.E5
_bWIL
245 1 0 _aWildfire and water quality :
_bprocess, impact and challenges /
_cedited by Mike Stone, Adrian Collins and Martin Thoms.
260 _aAlberta :
_bIAHS,
_c2012.
300 _a123 p. :
_bill. ;
_c24cm.
500 _aIncludes bibliographical index.
500 _aIncludes index.
650 1 _aWater quality.
700 _aStone, Mike.
700 _aThoms, Martin.
700 _aCollins, Adrian.
907 _a.b10315925
_b03-09-12
_c16-07-12
003
005 20230123125437.0
040 _cNUST
942 _cBOOKS
_kHC79.E5
_mWIL
999 _c141610
_d141610